Vereine anhand der vorigen Vereine ihrer Spieler erkennen (24/25 Nov.) - Statistiken

Allgemein
  • Dieses Quiz wurde 143 mal gespielt
  • Das Durchschnittsergebnis liegt bei 9 aus 12
Antwortstatistiken
Bildquiz Antwort % Korrekt
FC Bayern München
85%
FC Barcelona
84%
Borussia Dortmund
83%
Manchester United
82%
Inter Mailand
81%
Real Madrid
77%
Manchester City
73%
AC Mailand
67%
Paris Saint Germain
65%
Juventus Turin
55%
Atletico Madrid
52%
FC Chelsea
52%
Keine übereinstimmenden Quizze gefunden
Verteilung der Resultate
Anzahl Personen mit jedem Resultat
Perzentil nach korrekt beantworteten Fragen
Ihre Resultats-Entwicklung
Sie haben dieses Quiz noch nicht gespielt